[Event "Hoogovens"]
[Site "Wijk aan Zee 47"]
[Date "1985.01.??"]
[Round "11"]
[White "Beliavsky, Alexander"]
[Black "Romanishin, Oleg"]
[Result "1-0"]
[WhiteElo "2635"]
[BlackElo "2570"]
[Annotator "JvR"]
[PlyCount "81"]
[EventDate "1985.??.??"]
[EventCountry "NED"]

1. d4 Nf6 2. c4 e6 3. Nf3 c5 4. d5 exd5 5. cxd5 d6 6. Nc3 g6 7. e4 Bg7 8. Be2
O-O 9. O-O a6 10. a4 Bg4 11. Bf4 Nh5 12. Bg5 Bf6 13. Be3 Bxf3 $5 ({Preferable
is} 13... Nd7 $1 {(Vladimirov - Bannik, Leningrad 1962), but White has an edge
anyway.}) 14. Bxf3 Ng7 15. Bg4 Re8 16. Qc2 Nd7 17. a5 Ne5 18. Be2 Rb8 19. Nb1
h5 20. Nd2 Ng4 21. Bxg4 hxg4 22. Nc4 $1 Qe7 23. f3 $1 gxf3 24. gxf3 Nh5 25.
Rae1 Bg7 26. Qg2 Rbd8 27. Kh1 Kh7 28. Bg5 f6 29. Bd2 Qf7 30. Qh3 Rg8 $6 ({More
active is} 30... Bh6 {(Makarichev).}) 31. Rg1 Bf8 32. Rg2 f5 33. exf5 Qxf5 34.
Qxf5 gxf5 {White has kept his advantage during long manoeuvring.} 35. Bg5 Rd7
36. Re6 Rg6 37. f4 $5 (37. Rxg6 $1 Kxg6 38. Be7+ Kf7 39. Bxf8 Kxf8 40. Rg6 {
brings a superior endgame.}) 37... Ng7 38. Re3 Kg8 39. Rge2 Kf7 $2 ({Correct is
} 39... Nh5 {and the positional struggle continues.}) 40. Nb6 $1 Rc7 41. Bd8 {
A black rook is dominated.   Timman won by 9/13, before Beliavsky, Nunn and
Georgiev (8).   An incident arose when someone wanted a master result and
offered money for a draw against Hartoch!} 1-0

[Event "Hoogovens"]
[Site "Wijk aan Zee 48"]
[Date "1986.01.??"]
[Round "1"]
[White "Ljubojevic, Ljubomir"]
[Black "De Firmian, Nick"]
[Result "1-0"]
[WhiteElo "2605"]
[BlackElo "2520"]
[Annotator "JvR"]
[PlyCount "55"]
[EventDate "1986.??.??"]
[EventCountry "NED"]

{WIJK AAN ZEE 1986  Nigel Short was 20, when the Hoogovens tournament was
played in January 1986.} 1. e4 c5 2. Nf3 d6 3. d4 cxd4 4. Nxd4 Nf6 5. Nc3 a6 6.
Bg5 e6 7. f4 Be7 8. Qf3 Nbd7 9. O-O-O Qc7 10. g4 b5 11. Bxf6 Nxf6 12. g5 Nd7
13. f5 Nc5 14. h4 b4 15. Nb1 $5 ({Ljubo diverts from} 15. Nce2 {(Ljubojevic -
Browne, Manila 1976).}) 15... Bb7 16. fxe6 fxe6 17. Nd2 e5 18. Nf5 O-O 19. Bc4+
Kh8 20. g6 $1 {This position recurs after two rounds.} hxg6 $2 ({The
improvement becomes} 20... Nxe4 $1 21. Nxe4 hxg6 22. Be6 Rf6 {and the game
will end as a draw (Ljubojevic - Hodgson, round three).}) 21. Qg4 $1 d5 ({
Insufficient is} 21... Rf6 22. Nxe7 Qxe7 23. Qg5 $1 Ne6 24. h5 $3 Nxg5 25.
hxg6+ Nh7 26. Rxh7#) 22. Nxe7 Qxe7 23. exd5 Rad8 24. Qg5 $1 Rfe8 25. Nf3 Rd6
26. h5 $1 gxh5 ({Or} 26... Qxg5+ 27. Nxg5 Kg8 28. hxg6 Rf8 29. Rd2 Rf5 30. Ne6)
27. Qxh5+ Rh6 28. Qg6 $1 1-0

[Event "Hoogovens"]
[Site "Wijk aan Zee 48"]
[Date "1986.01.??"]
[Round "3"]
[White "Ree, Hans"]
[Black "Short, Nigel"]
[Result "0-1"]
[WhiteElo "2455"]
[BlackElo "2585"]
[Annotator "JvR"]
[PlyCount "62"]
[EventDate "1986.??.??"]
[EventCountry "NED"]

1. e4 e5 2. f4 d5 3. exd5 c6 4. dxc6 Nxc6 5. Bb5 exf4 $5 6. Nf3 Bd6 7. d4 Nge7
{The Falkbeer Counter-Gambit gives Black a solid game.} 8. O-O O-O 9. Na3 Bg4
10. Nc4 Bc7 11. c3 Nd5 12. Qd3 f6 13. Bxc6 $6 {White loses the two bishops.} (
13. Bd2 {goes on with the development.}) 13... bxc6 14. Bd2 Qd7 15. Rfe1 $1 {
Ree opens square f1 for the queen.} g5 $5 {A steamroller of pawns seems to
start on the kingside, but that is not the case.} 16. b4 Rae8 17. Rxe8 Rxe8 18.
Re1 Rxe1+ 19. Nxe1 Kg7 20. Na5 $5 Bxa5 21. bxa5 Nc7 22. c4 $2 {Ree advances
the protector of his centre pawn and ruins his game.} Bf5 $1 23. Qc3 Ne6 $1 24.
Nf3 Be4 25. d5 cxd5 26. Nd4 $5 dxc4 27. Nxe6+ Qxe6 28. Qd4 a6 29. Bc3 Kg6 30.
h3 Bd5 31. Kh2 Qe4 {If White takes pawn f6, he will be mated. The exchange of
queens will lead to a lost ending.} 0-1

[Event "Hoogovens"]
[Site "Wijk aan Zee 48"]
[Date "1986.01.??"]
[Round "9"]
[White "Van der Wiel, John"]
[Black "Ree, Hans"]
[Result "1-0"]
[WhiteElo "2555"]
[BlackElo "2455"]
[Annotator "JvR"]
[PlyCount "63"]
[EventDate "1986.??.??"]
[EventCountry "NED"]

1. e4 c5 2. Nf3 e6 3. d4 cxd4 4. Nxd4 Nf6 5. Nc3 d6 6. g4 Nc6 7. g5 Nd7 8. Be3
Be7 9. Rg1 a6 10. h4 O-O 11. h5 Nde5 12. Nxc6 Nxc6 13. Qd2 $1 (13. f4 {
occurred in Kasparov-Polugaevsky, Moscow 1979.}) 13... b5 14. O-O-O b4 (14...
Qa5 $5 15. Kb1 Bb7 16. g6 b4 17. Ne2 b3 {gives a skirmish in Rohde -
Thorsteins, Philadelphia 1987.}) 15. Na4 Bb7 $2 ({Preferable is} 15... Qa5 16.
b3 Qe5 17. Kb1 Bb7) 16. f4 Qc7 17. Bb6 Qd7 18. b3 $6 {White hesitates.} ({More
direct is} 18. g6 $1) 18... Na7 $2 ({Useful is} 18... Rae8) 19. Qxb4 Bc6 20.
Nc5 Qc8 (20... dxc5 21. Rxd7 cxb4 22. Rxe7 Nb5 23. Bd3 {costs a pawn.}) 21.
Nxa6 Bb7 22. Nc7 Nc6 23. Qc3 Rxa2 24. Kb1 Ra3 25. h6 e5 26. hxg7 Kxg7 27. f5
Bd8 28. Qh3 h5 29. Qxh5 Rh8 30. Ne8+ $1 Kg8 (30... Rxe8 31. f6+ {leads to mate.
}) 31. Nf6+ Kg7 32. Qxh8+ $1 {John and Ljubomir chased the leader Nigel.} ({
The pointe is} 32. Qxh8+ Kxh8 33. Rh1+ Kg7 34. Rh7+ Kf8 35. Rh8+ {and mate in
one.}) 1-0

[Event "Hoogovens"]
[Site "Wijk aan Zee 48"]
[Date "1986.01.??"]
[Round "10"]
[White "Ljubojevic, Ljubomir"]
[Black "Van der Wiel, John"]
[Result "1-0"]
[WhiteElo "2605"]
[BlackElo "2555"]
[Annotator "JvR"]
[PlyCount "91"]
[EventDate "1986.??.??"]
[EventCountry "NED"]

1. d4 Nf6 2. c4 g6 3. Nc3 Bg7 4. e4 d6 5. f4 O-O 6. Nf3 c5 7. dxc5 Qa5 8. Bd3
Nfd7 $2 9. cxd6 $3 {Ljubojevic plays an incredible novelty. He sacrifices a
rook.} Bxc3+ 10. bxc3 Qxc3+ 11. Qd2 Qxa1 12. dxe7 Re8 13. e5 Nc6 ({Or} 13...
Nc5 $5 14. O-O Na4 15. f5 $1 {and wins (Düngen-Opalka, Ruhrgebiet 1999).}) 14.
O-O Nd4 15. Bb2 $2 {Ljubojevic misses the immediate glory.} ({Right is} 15. Ng5
$1 Nc5 16. Ba3 Ncb3 17. Qf2 $1 Qc3 18. Qh4 h5 19. Ne4 $1 Qxd3 20. Nf6+ Kh8 21.
Nxe8 {and White triumphs (Gretarsson - Van der Wiel, Leeuwarden 1995).}) 15...
Nxf3+ 16. gxf3 Qxa2 17. f5 $2 (17. Qc3 $1 Nc5 18. e6 $1 Qxb2 19. Qxb2 Nxd3 20.
Qd2 Bxe6 21. Qxd3 Rxe7 {is okay.}) 17... Nc5 18. f6 Bd7 $2 (18... Bh3 $1 {(Van
der Wiel)} 19. Qh6 Ne6 20. Rf2 Bf5 21. Bxf5 gxf5 22. Rg2+ Kh8 23. Rg7 Qb1+ 24.
Bc1 f4 {wins for Black (Ligterink).}) 19. Be4 $1 Kh8 ({Not} 19... Qxc4 $2 20.
Rc1 Qb5 21. Rxc5 Qxc5+ 22. Bd4 $1) 20. Bd5 Be6 21. Ra1 Qb3 22. Ra3 Qb6 23. Kg2
Rac8 24. Bd4 Bxd5 $2 ({The last try brings} 24... Rg8 25. Qe3 g5 $1) 25. cxd5
Qb1 26. Rc3 $1 Nd3 27. Qxd3 Qa2+ 28. Kg1 Qxd5 29. Bxa7 Qe6 30. Rxc8 Qxc8 31.
Kg2 h6 32. Be3 Kh7 $6 33. Qb3 $1 Kg8 34. Bxh6 Qc5 35. Qe3 Qxe3 36. Bxe3 {Black
faces an avalanche of pawns in the centre.} b5 37. Bc5 Rc8 38. Kg3 g5 39. Kg4
Kh7 40. Kxg5 Rg8+ 41. Kf5 Rb8 42. h4 Rc8 43. Bb4 Re8 44. h5 Ra8 45. f4 Rb8 46.
Bd6 {Ljubojevic scored a wonderful victory.} 1-0

[Event "Hoogovens"]
[Site "Wijk aan Zee 48"]
[Date "1986.01.??"]
[Round "11"]
[White "De Firmian, Nick"]
[Black "Short, Nigel"]
[Result "0-1"]
[WhiteElo "2520"]
[BlackElo "2585"]
[Annotator "JvR"]
[PlyCount "84"]
[EventDate "1986.??.??"]
[EventCountry "NED"]

1. d4 Nf6 2. c4 e6 3. Nc3 Bb4 4. g3 c5 5. Nf3 Bxc3+ 6. bxc3 b6 7. Bg2 Bb7 8.
dxc5 $5 bxc5 9. O-O Nc6 10. Be3 d6 11. Bf4 Ke7 $5 {Short finishes the
development elegantly.} 12. Rb1 Rb8 13. Qa4 Qc7 14. Rfd1 Rhd8 15. Ng5 h6 16.
Ne4 Nxe4 17. Bxe4 Na5 $2 {This move costs a pawn.} ({Wiser is} 17... g5 $1 18.
Be3 Ba8) 18. Bxb7 Rxb7 19. Rxb7 Nxb7 20. Qxa7 Rd7 21. Qa4 Nd8 22. Rd2 $2 {
Passivity will make White vulnerable.} (22. Qc2 {prepares the march of the
a-pawn.}) 22... Qc6 23. Qc2 f5 24. f3 Nf7 25. h4 g5 $1 26. hxg5 hxg5 27. Be3
Kf6 28. Rd1 Ra7 29. g4 $2 f4 $1 30. Bf2 Qa4 $1 31. Qd3 Qxa2 {Short regained
the pawn and has a positional plus.} 32. e3 fxe3 33. Bxe3 Ne5 34. Qxd6 $2 ({
The last chance gives} 34. Qe4 $5 Qxc4 35. Rxd6 Qxe4 36. fxe4 Ra5 37. Kg2 $5
Nxg4 38. Bg1) 34... Nxf3+ 35. Kf1 Rf7 36. Qxc5 Kg6 37. Bf2 Nh2+ 38. Kg1 Nxg4
39. Bg3 Qe2 40. Re1 Qf3 41. Bh2 Nf2 42. Rxe6+ Kh5 {Black threatens .. Qh1#.  
Short (91/2/13) was the youngest winner in the history of Hoogovens
tournaments. He won before Ljubojevic, Van der Wiel and Nikolic (8).} 0-1

[Event "Hoogovens B"]
[Site "Wijk aan Zee 48"]
[Date "1986.01.??"]
[Round "5"]
[White "Piket, Jeroen"]
[Black "Hulak, Krunoslav"]
[Result "1-0"]
[WhiteElo "2410"]
[BlackElo "2505"]
[Annotator "JvR"]
[PlyCount "83"]
[EventDate "1986.??.??"]
[EventCountry "NED"]

1. d4 Nf6 2. c4 e6 3. Nc3 c5 4. d5 exd5 5. cxd5 d6 6. e4 g6 7. f3 Bg7 8. Bg5
O-O 9. Qd2 a6 10. a4 h6 11. Be3 Re8 12. Nge2 Nbd7 13. Nc1 Nh7 14. Be2 Qh4+ 15.
g3 Qh3 16. Nd3 Ne5 17. Nf2 $1 {Jeroen plays an excellent novelty.} ({Theory is
} 17. Nf4 Qd7 {(Gulko - Dzuban, Barnaul 1984).}) 17... Qg2 (17... Qd7 18. f4 {
costs a piece.}) 18. O-O-O Nxf3 19. Qd3 Bd4 20. Bf1 {Black has to lose
material.} Qxh1 21. Nxh1 Bg7 22. Bf4 Ne5 23. Qd2 h5 24. Nf2 b5 25. axb5 axb5
26. Bxb5 Rd8 27. Bxe5 Bxe5 28. Kc2 Rb8 29. Bc4 Nf6 30. Nd3 Bd4 31. Re1 Ng4 32.
Nb5 Bg7 33. Qa5 Rd7 34. b3 Nxh2 35. e5 Nf3 36. e6 Nxe1+ 37. Qxe1 fxe6 38. dxe6
Re7 39. Nf4 Ra8 40. Nxg6 Ra2+ 41. Kd3 Re8 42. Nxd6 {Jeroen Piket became 17
during the event. He scored his third master result and thus gained the master
title.   Szusza Polgár was 16 and made her debut in Hoogovens.} 1-0

[Event "Hoogovens"]
[Site "Wijk aan Zee 49"]
[Date "1987.01.??"]
[Round "1"]
[White "Short, Nigel"]
[Black "Kortschnoj, Viktor"]
[Result "1-0"]
[WhiteElo "2615"]
[BlackElo "2625"]
[Annotator "JvR"]
[PlyCount "111"]
[EventDate "1987.??.??"]
[EventCountry "NED"]

{WIJK AAN ZEE 1987  The event became a competition between Short and
Kortschnoj.} 1. e4 e6 2. d4 d5 3. Nc3 Bb4 4. e5 c5 5. a3 Bxc3+ 6. bxc3 Ne7 7.
h4 Nbc6 8. h5 Qa5 9. Bd2 cxd4 10. cxd4 Qa4 11. Bc3 b6 12. h6 gxh6 $5 (12... g6
{was played in Florian - Barczay, Budapest 1958.}) 13. Qd3 a5 14. Qd2 Nf5 $5 (
14... Ba6 $1 {will draw in Tischbierek - Poldauf, Berlin East 1988.}) 15. Rb1
$5 Ncxd4 $5 16. Kd1 $1 {Short has given two pawns, but he wins them back
easily.} Rg8 17. Rxb6 Bd7 18. Bxd4 Qxd4 19. Qxd4 Nxd4 20. Rxh6 {White has the
initiative.} Rg7 21. Rh4 Nf5 22. Rh3 Kd8 ({Preferable is} 22... Rc8 $1 23. Ne2
Rc4) 23. Ne2 Kc7 24. Rb2 d4 $2 {Kortschnoj should remain passively.} ({Better
is} 24... Bc6 25. c3 Rb8) 25. Nf4 Bc6 26. Bd3 Rh8 27. g3 Rg5 28. Ne2 Bg2 29.
Rh2 Bf3 30. Kd2 Bxe2 31. Bxe2 Ne7 32. Rb5 Nc6 33. Rh5 h6 34. Bf3 $1 Rxh5 35.
Bxh5 d3 $6 (35... Na7 $5 {(Short)} 36. Rc5+ Kb6 37. Rc4 Nc6 38. f4 {offers
more resistance.}) 36. c3 $1 Na7 37. Rxa5 Kb6 38. Ra4 Nc6 39. Re4 Rf8 40. Kxd3
f5 41. exf6 Rxf6 42. Rf4 Rxf4 43. gxf4 Kc5 44. Be2 Ne7 45. c4 Nf5 46. Bg4 Ng7
47. Ke4 h5 48. Bh3 Kxc4 49. Ke5 h4 50. Kf6 Nh5+ 51. Kg5 Ng7 52. Kxh4 Kb3 53.
Kg5 Kxa3 54. Kf6 Nh5+ 55. Ke5 Kb4 56. Bxe6 {Short scored an important victory.}
1-0

[Event "Hoogovens"]
[Site "Wijk aan Zee 49"]
[Date "1987.01.??"]
[Round "5"]
[White "Hulak, Krunoslav"]
[Black "Kortschnoj, Viktor"]
[Result "0-1"]
[WhiteElo "2540"]
[BlackElo "2625"]
[Annotator "JvR"]
[PlyCount "88"]
[EventDate "1987.??.??"]
[EventCountry "NED"]

1. d4 Nf6 2. c4 e6 3. Nc3 Bb4 4. Qc2 c5 5. dxc5 O-O 6. Be3 Qe7 7. Nf3 Na6 8. a3
Bxc3+ 9. Qxc3 Nxc5 10. Bd4 b6 11. e3 Bb7 12. Be2 Rfc8 13. O-O d5 14. Bxf6 Qxf6
15. Qxf6 gxf6 16. cxd5 Bxd5 17. Rad1 Nb3 18. Bd3 Rc7 19. h3 Kg7 20. Rfe1 Bxf3
21. gxf3 Rd8 22. Kg2 Rcd7 23. Bc2 Nd2 $1 {The exchange of the rooks draws
quickly.} 24. Rc1 f5 25. Bd1 $5 Kf6 26. Be2 f4 $1 {Kortschnoj takes the
initiative.} 27. Rc3 Rd5 28. Kh2 Rf5 29. Rd1 fxe3 30. Rxe3 $6 ({The accurate} 
30. fxe3 $1 Rxf3 $1 31. Bd3 $1 e5 32. Rc6+ Ke7 33. Rc7+ Kf8 34. Rxd2 e4 35. Kg2
Rf6 36. Rxa7 exd3 37. Rc7 {draws.}) 30... Rfd5 31. Rc1 Rg8 32. h4 b5 33. b3 $5
a5 34. Kh3 b4 35. a4 $6 ({Preferable is} 35. axb4 $1 axb4 36. Ba6) 35... Re5 $1
36. Rxe5 Kxe5 37. Rc5+ Kd4 38. Rxa5 Nxb3 39. Ra7 Nc1 $6 40. Bd1 $2 (40. Rd7+ $1
Kc3 41. Rc7+ Kb2 42. Bc4 {fights back.}) 40... Nd3 41. Rxf7 Nxf2+ 42. Kh2 Nxd1
43. Rd7+ Kc3 44. Rxd1 b3 0-1

[Event "Hoogovens"]
[Site "Wijk aan Zee 49"]
[Date "1987.01.??"]
[Round "7"]
[White "Van der Sterren, Paul"]
[Black "Kortschnoj, Viktor"]
[Result "0-1"]
[WhiteElo "2520"]
[BlackElo "2625"]
[Annotator "JvR"]
[PlyCount "92"]
[EventDate "1987.??.??"]
[EventCountry "NED"]

1. d4 Nf6 2. Nf3 e6 3. c4 Bb4+ 4. Bd2 c5 5. Bxb4 cxb4 6. g3 O-O 7. Bg2 d6 8.
O-O Nc6 9. d5 exd5 10. cxd5 Ne7 11. Qd4 Nexd5 12. e4 Ne7 13. Qxb4 Nc6 14. Qa4
d5 15. e5 Ne4 16. Nc3 Nxc3 17. bxc3 Be6 18. Nd4 $6 {Van der Sterren starts a
dubious action.} ({Correct is} 18. Rfe1) 18... Nxe5 19. f4 Bd7 20. Qb3 Nc4 21.
Rfe1 $2 {White does not recapture his pawn.} (21. Qxb7 Ne3 22. Rfe1 Nxg2 23.
Kxg2 {nearly equalises.}) 21... Bc6 22. Qb4 Re8 23. Kf2 a5 24. Qc5 Qd6 25. Qxd6
Nxd6 26. Rxe8+ Rxe8 27. Rb1 Kf8 28. Nxc6 $2 bxc6 29. Rb6 Re6 30. a4 Ke7 31. Ra6
Nc4 32. Bf1 Nb2 33. Rxa5 Nd1+ 34. Kg2 Nxc3 35. Ra7+ Kf6 36. a5 c5 37. a6 c4 38.
g4 h6 39. h4 g6 40. g5+ hxg5 41. hxg5+ Kg7 42. Ra8 Nb5 43. Rd8 Nc7 44. Rd7 Nxa6
45. Rxd5 Rc6 46. Rd1 Nb4 {Kortschnoj won many games and pursued Short during
the tournament.} 0-1

[Event "Hoogovens"]
[Site "Wijk aan Zee 49"]
[Date "1987.01.??"]
[Round "9"]
[White "Ljubojevic, Ljubomir"]
[Black "Nogueiras, Jesus"]
[Result "0-1"]
[WhiteElo "2620"]
[BlackElo "2565"]
[Annotator "JvR"]
[PlyCount "72"]
[EventDate "1987.??.??"]
[EventCountry "NED"]

1. e4 e6 2. d4 d5 3. Nc3 Bb4 4. e5 Ne7 5. Bd2 c5 6. a3 Bxc3 7. Bxc3 Nbc6 8. Nf3
cxd4 9. Nxd4 Nxe5 10. Nxe6 Bxe6 11. Bxe5 O-O 12. Bd3 Nc6 13. Bc3 $2 ({Theory is
} 13. Bg3) 13... d4 $1 14. Bd2 Ne5 15. Bxh7+ $5 Kxh7 16. Qh5+ Kg8 17. Qxe5 Re8
$1 18. Qg3 Bc4+ $2 ({Nogueiras misses the win} 18... Bf5+ $1 19. Kd1 Rc8) 19.
Kd1 Rc8 20. b3 Be2+ 21. Kc1 d3 22. c3 Bh5 23. Ra2 Re2 24. Kb1 Rc6 25. f3 Bg6
26. Rd1 b5 27. a4 b4 28. c4 a5 29. h4 Rce6 30. Qh3 $2 (30. Rb2 $1 {regroups
the defence.}) 30... Re1 $1 31. Rc1 Qd4 32. Qh2 Qc3 $1 {Ljubojevic becomes
annihilated.} 33. Qb8+ ({The pointe is} 33. Bxc3 d2+ 34. Rac2 dxc1=Q+ 35. Ka2
Qa3#) 33... Re8 34. Rxe1 Rxb8 35. Bxc3 d2+ 36. Ka1 bxc3 0-1

[Event "Hoogovens"]
[Site "Wijk aan Zee 49"]
[Date "1987.01.??"]
[Round "10"]
[White "Van der Sterren, Paul"]
[Black "Andersson, Ulf"]
[Result "0-1"]
[WhiteElo "2520"]
[BlackElo "2600"]
[Annotator "JvR"]
[PlyCount "82"]
[EventDate "1987.??.??"]
[EventCountry "NED"]

1. d4 Nf6 2. c4 e6 3. Nf3 d5 4. Nc3 Nbd7 5. Bg5 h6 6. Bh4 Be7 7. cxd5 Nxd5 8.
Bxe7 Qxe7 9. Rc1 Nxc3 10. Rxc3 c6 11. g3 O-O 12. Bg2 e5 13. O-O exd4 14. Nxd4
Nf6 15. Qc2 {It becomes a confrontation between the white control over the
centre and the black majority on the queenside.} Rd8 16. Rd3 Bd7 17. Rfd1 Rac8
18. b4 $2 {Van der Sterren establishes a black passed pawn.} Qxb4 $1 19. Rb1
Qa5 20. Rxb7 c5 $1 21. Nf3 Be6 ({Even better is} 21... c4 $1) 22. a4 a6 23.
Rxd8+ Rxd8 24. e3 $2 {White makes a tactical error.} Bd5 $1 25. Rb2 Be4 $1 {
White has to lose material. He gives a second pawn.} 26. Qc1 Qxa4 27. Nd2 Bxg2
28. Kxg2 Qc6+ 29. f3 Nd5 30. Rb3 c4 31. e4 Nb6 32. Rc3 Na4 33. Rc2 c3 34. Nf1
Rd3 35. Ne3 Qb6 36. Nd5 Qd4 37. Qa1 Kh7 38. Rf2 Rd2 39. Rxd2 Qxd2+ 40. Kh3 c2
41. Qe5 Qg5 0-1

[Event "Hoogovens"]
[Site "Wijk aan Zee 49"]
[Date "1987.01.??"]
[Round "11"]
[White "Ljubojevic, Ljubomir"]
[Black "Short, Nigel"]
[Result "0-1"]
[WhiteElo "2620"]
[BlackElo "2615"]
[Annotator "JvR"]
[PlyCount "126"]
[EventDate "1987.??.??"]
[EventCountry "NED"]

1. e4 e6 2. d4 d5 3. Nd2 c5 4. Ngf3 Nc6 5. exd5 exd5 6. Bb5 Bd6 7. dxc5 Bxc5 8.
Nb3 Bd6 9. Be3 $5 {Ljubojevic carries out an unusual move as usual.} Nge7 10.
Qd2 O-O 11. Be2 $6 {Ljubojevic begins to play passively.} Nf5 12. Bf4 Bxf4 13.
Qxf4 Re8 14. Qd2 a5 15. a4 Qf6 16. O-O $5 Qxb2 17. Bb5 $1 Qf6 18. Nxa5 $1 Rd8
19. Nb3 h6 20. Rfe1 Nce7 21. Ne5 Nd6 22. Bd3 Bf5 23. Qb4 $5 Be4 24. Ng4 Qg5 25.
f3 Nc6 26. Qc5 Bxd3 27. cxd3 Nf5 $1 {The white initiative on the queenside
lacks power. Ljubojevic has to defend.} 28. Qf2 $2 ({Prudence shows} 28. Qc1
Qxc1 29. Rexc1) 28... Re8 29. Rxe8+ Rxe8 30. Re1 $2 (30. Qd2 Qxd2 31. Nxd2 Ncd4
32. Nf1 Ne2+ 33. Kh1 {defends accurately.}) 30... Rxe1+ 31. Qxe1 h5 $1 32. Nf2
Nh4 $1 33. Qe8+ Kh7 34. g3 Nxf3+ 35. Kg2 Qf5 {Black has won a pawn.} 36. Qe2
Nfe5 37. d4 Ng4 38. Qd3 Kg6 39. Nc5 Nxf2 40. Qxf5+ Kxf5 41. Kxf2 Na5 42. Kf3 g6
43. h3 b6 44. Nd3 g5 45. Ne5 f6 46. g4+ hxg4+ 47. hxg4+ Ke6 48. Nd3 Nc4 49. Ke2
Nd6 50. Nf2 f5 51. gxf5+ Kxf5 52. Kf3 Ne4 53. Nd3 Nc3 54. Nb4 g4+ 55. Ke3 Kg5
56. Kf2 Kf4 57. Kg2 Ke4 58. Nc6 Nxa4 59. Kg3 Nc3 60. Kxg4 Ne2 61. Kg5 Nxd4 62.
Nb4 Ne2 63. Kf6 d4 {Nigel led by half-a-point. Viktor caught up in the
penultimate round.   Short and Kortschnoj won by 91/2/13, before Andersson (8)
and Nogueiras (71/2).} 0-1

[Event "Hoogovens"]
[Site "Wijk aan Zee 50"]
[Date "1988.??.??"]
[Round "1"]
[White "Van der Sterren, Paul"]
[Black "Huebner, Robert"]
[Result "0-1"]
[WhiteElo "2470"]
[BlackElo "2595"]
[Annotator "JvR"]
[PlyCount "70"]
[EventDate "1988.??.??"]
[EventCountry "NED"]

{The fiftieth Hoogovens tournament was celebrated by the first presence of
Karpov at the expense of 50,000 Guilders.} 1. d4 d5 2. c4 dxc4 3. Nf3 Nf6 4. e3
e6 5. Bxc4 a6 6. O-O c5 7. a4 Nc6 8. Qe2 Qc7 9. Nc3 Bd6 10. b3 O-O 11. Bb2 cxd4
12. exd4 Na5 $5 13. d5 $6 {The enterprising novelty is followed by an
ambitious move.} Nxc4 14. bxc4 Bd7 15. Ne4 Nxe4 16. Qxe4 Rae8 17. Ng5 $5 f5 $1
18. Qh4 h6 19. Nxe6 $1 Bxe6 20. dxe6 Rxe6 {White's initiative has resulted in
two weaklings.} 21. Rae1 $5 Rg6 $1 22. f3 Qa5 23. Rd1 Bc5+ 24. Bd4 Bxd4+ 25.
Qxd4 Qxa4 26. Rb1 Qc2 27. g3 b6 $6 (27... f4 $1 {keeps the momentum.}) 28. Rb2
$2 {White misses the counteraction.} (28. Rbc1 $1 Qb3 29. Rb1 Qa4 30. Ra1 $1
Qc6 31. Rxa6 {wins back the pawn.}) 28... Qa4 29. Rfb1 Rff6 30. Qd5+ Kh7 31.
Kg2 Qc6 $5 32. Qxc6 Rxc6 33. h4 h5 34. Ra2 $2 Rxc4 35. Rxa6 f4 $1 {Hübner had
an excellent start.} 0-1

[Event "Hoogovens"]
[Site "Wijk aan Zee 50"]
[Date "1988.??.??"]
[Round "3"]
[White "Tal, Mihail"]
[Black "Ljubojevic, Ljubomir"]
[Result "0-1"]
[WhiteElo "2630"]
[BlackElo "2610"]
[Annotator "JvR"]
[PlyCount "84"]
[EventDate "1988.??.??"]
[EventCountry "NED"]

1. d4 Nf6 2. c4 e6 3. Nc3 d5 4. Bg5 Nbd7 5. cxd5 exd5 6. e3 c6 7. Bd3 Be7 8.
Qc2 O-O 9. Nf3 Re8 10. O-O Nf8 11. Rae1 g6 12. Ne5 Ne6 13. f4 Ng7 14. f5 Bxf5
15. Bxf5 Nxf5 16. Rxf5 gxf5 17. Qxf5 Qc8 18. Qf3 Qe6 19. Bh6 $1 {Tal improves
on 19. Rf1 (Fan Huilian - Tian Zhimin, China 1987), but the line remains
doubtful.} Bf8 20. Bxf8 Rxf8 21. e4 Nxe4 22. Nxe4 dxe4 23. Rxe4 f5 $1 {Tal has
positional compensation for the exchange.} 24. Rh4 Rf6 25. Qf4 Re8 26. Rh3 Re7
27. Re3 Qd5 28. Rg3+ Kh8 29. Qh4 Ree6 30. Qf4 $2 (30. Qg5 $1 Qxd4+ 31. Kf1 Qd1+
32. Kf2 Qc2+ 33. Kf3 $1 Qe4+ 34. Kf2 Qd4+ 35. Kf1 Rg6 $1 36. Nxg6+ Rxg6 37. Qe7
{defends actively (Tal).}) 30... Qe4 31. Qd2 f4 32. Rd3 c5 33. Nd7 Rg6 $2 ({
Correct is} 33... c4 {(Khalifman).}) 34. Nf8 c4 35. Nxg6+ Rxg6 36. Rc3 b5 37.
d5 $2 ({The shrewd} 37. Rc1 $1 Rxg2+ $1 38. Qxg2 Qe3+ 39. Qf2 Qxc1+ 40. Kg2 {
(Tal)} Qb1 $1 41. Kf3 $1 Qf5 $1 42. Qe1 $1 {might draw.}) 37... Rg5 38. Rc2
Rxd5 39. Qc3+ Kg8 40. Rc1 Rd3 41. Re1 Rxc3 42. Rxe4 Rc2 0-1

[Event "Hoogovens"]
[Site "Wijk aan Zee 50"]
[Date "1988.??.??"]
[Round "4"]
[White "Huebner, Robert"]
[Black "Tal, Mihail"]
[Result "0-1"]
[WhiteElo "2595"]
[BlackElo "2630"]
[Annotator "JvR"]
[PlyCount "72"]
[EventDate "1988.??.??"]
[EventCountry "NED"]

1. e4 c5 2. Nf3 d6 3. d4 cxd4 4. Nxd4 Nf6 5. Nc3 a6 6. Be2 e6 7. O-O Be7 8. a4
O-O 9. f4 Qc7 10. Be3 b6 11. Bf3 Bb7 12. e5 dxe5 13. Bxb7 Qxb7 14. fxe5 Nfd7
15. Qh5 $1 ({Hübner plays a more active move than} 15. Bf4 {(Swic - Balicki,
Poznan 1984).}) 15... Nc6 16. Nxc6 Qxc6 17. Rf3 g6 18. Qh6 f5 $6 ({Preferable
is} 18... f6 19. Rh3 Rf7) 19. exf6 $2 (19. Bd4 $1 Bc5 20. Qf4 {keeps the
equality.}) 19... Bxf6 $1 20. Bf2 Ne5 21. Rh3 Ra7 $1 22. Qe3 Ng4 $6 (22... Nc4
$1 23. Qe4 Qxe4 24. Nxe4 Bxb2 {(Khalifman) gains a plus.}) 23. Qf3 $2 ({
Correct is} 23. Qxb6 $1 Qxb6 24. Bxb6 Rb7 25. Bc5 $1 Rc8 {(Tal)} 26. b4 $1 a5
27. Rd1 $1 axb4 28. Ne4) 23... Qc4 $1 24. Qe4 Qxe4 25. Nxe4 Bxb2 26. Rd1 Nxf2
27. Nxf2 Raf7 28. Rb3 Bg7 29. Ng4 Bd4+ 30. Ne3 Rf4 31. h3 Re4 32. Rdd3 Bc5 33.
a5 bxa5 34. Kh2 a4 35. Rbc3 Bd4 36. Rc4 e5 {Tal was back on 50%.} 0-1